000 00768nam a2200265 i 4500
001 16624
003 ES-MaACL
005 20251019063036.0
007 t|
008 001020s1997 sp ||||0| spa j
020 _a84-88730-11-X
040 _aM-BN
_bspa
_cM-BN
080 _a821.111(73)-31"18"
100 1 _aBrontë, Anne,
_d1820-1849
_9242383
245 1 3 _aLa inquilina de Wildfell Hall /
_cAnne Brontë ; traducción, Waldo Leirós.
250 _a1ª ed.
260 _aBarcelona :
_bAlba Editorial,
_c1997.
300 _a574 p. ;
_c21 cm.
490 1 _aA Clásica ;
_v13
700 1 _aLeirós, Waldo.
_971394
830 0 _aA Clásica
_v13
_9180011
852 _aES-MaACL
_jL-23821
_bR.129177
999 _c16624
_d16624